Professional liability in Singapore & Malaysia : Accountants & auditors

Bibliographic Details
Format: Book
Published: Singapore : CCH Asia Pte Ltd , 2003

MARC

LEADER 00000cam a2200000 7i4500
001 0000015973
005 20050926.0
020 |a 9810488459 
040 |a INS 
090 0 0 |a HF5657   |b A53 2003 
245 1 0 |a Professional liability in Singapore & Malaysia :   |b Accountants & auditors   |c Kala Anandarajan 
260 |a Singapore :   |b CCH Asia Pte Ltd ,   |c 2003 
300 |a xiii :   |b 329p :   |b 24cm 
999 |a 0000015905   |b BOOK   |c Open Shelf   |e Default branch